LEADER 01920oas 2200745 a 450 001 9910262957203321 005 20260127110446.0 011 $a1939-2214 035 $a(DE-599)ZDB2500770-1 035 $a(OCoLC)156809105 035 $a(CONSER) 2007215047 035 $a(CKB)1000000000323558 035 $a(DE-599)2500770-1 035 $a(EXLCZ)991000000000323558 100 $a20070718a20089999 sy a 101 0 $aeng 135 $aur||||||||||| 181 $ctxt$2rdacontent 182 $cc$2rdamedia 183 $acr$2rdacarrier 200 00$aAfrican security 210 $cTaylor & Francis 311 08$a1939-2206 606 $aSecurity, International$zAfrica$vPeriodicals 606 $aDiplomatic relations$2fast$3(OCoLC)fst01907412 606 $aSecurity, International$2fast$3(OCoLC)fst01110895 607 $aAfrica$xForeign relations$vPeriodicals 607 $aAfrique$xRelations exte?rieures$vPe?riodiques 607 $aAfrica$2fast$1https://id.oclc.org/worldcat/entity/E39PBJkHrMyfHC67yqRTycbrv3 608 $aperiodicals.$2aat 608 $aPeriodicals.$2fast 608 $aPeriodicals.$2lcgft 608 $aPe?riodiques.$2rvmgf 615 0$aSecurity, International 615 7$aDiplomatic relations. 615 7$aSecurity, International. 676 $a327 801 0$bNSD 801 1$bNSD 801 2$bNSD 801 2$bLGG 801 2$bOCLCS 801 2$bOCLCQ 801 2$bOCLCF 801 2$bOCLCO 801 2$bOCL 801 2$bOCLCQ 801 2$bDLC 801 2$bNLE 801 2$bAU@ 801 2$bUKMGB 801 2$bBWN 801 2$bTEF 801 2$bOCLCQ 801 2$bU3W 801 2$bOCLCL 801 2$bOCLCQ 801 2$bUAB 801 2$bUEJ 801 2$bOCLCL 801 2$bOCLCQ 906 $aJOURNAL 912 $a9910262957203321 996 $aAfrican security$92091474 997 $aUNINA